000 00297nam a2200133Ia 4500
100 _aChung/ Deborahd L
942 _cBK
654 _aMEP
245 _aMastering for Electronic Packaging
260 _bButterworth-Heinemann
_aNew Delhi
_c1995
300 _a368
546 _aENGLISH
999 _c25527
_d25527